The certified quality engineer handbook [

Bibliographic Details
Other Authors: Borror, Connie M
Format: Book
Language:English
Published: New Delhi : New Age International (P) Ltd. , 2010
Edition:3rd ed.
Subjects:

MARC

LEADER 00000cam a2200000 7i4500
001 0000024441
005 20120607.0
008 120503s ii d eng
020 |a 9788122427943 ,   |c RM588.00 
040 |a INS 
090 0 0 |a CD 472 
245 0 4 |a The certified quality engineer handbook [  |h electronic resources]   |c editor, Connie M. Borror 
250 |a 3rd ed. 
260 |a New Delhi :   |b New Age International (P) Ltd. ,   |c 2010 
300 |a 1 computer optical disc :   |b col. ;   |c 4 3/4 in. 
500 |a Includes index 
650 0 |a Industrial engineers   |x Certification 
650 0 |a Quality control 
650 0 |a Reliability (Engineering) 
700 1 |a Borror, Connie M 
999 |a CD00000472   |b CD-ROM   |c Media Collection   |e Default branch